[Event "IECG CF.2001.0.00010 email"]
[Site "IECG email"]
[Date "2001.09.16"]
[Round "?"]
[White "Heide, Ken"]
[Black "Popp, Tony"]
[Result "1-0"]
[WhiteElo "900"]
[BlackElo "1046"]
[PlyCount "45"]
[EventDate "2001.09.16"]
[EventType "tourn (corr)"]
[EventRounds "6"]
[SourceTitle "Corr 2008"]
[Source "ChessBase"]
[SourceDate "2008.06.24"]
[SourceVersion "1"]
[SourceVersionDate "2008.06.24"]
[SourceQuality "1"]

1. d4 d5 2. Nf3 Nc6 3. e3 Bg4 4. Bb5 a6 5. Bxc6+ bxc6 6. Nbd2 Nf6 7. c3 e6 8. Qa4 Qd6 9. Ne5 Be7 10. e4 0-0 11. h3 Bh5 12. g4 Bg6 13. Nxg6 fxg6 14. e5 Qd7 15. exf6 Rxf6 16. Nb3 Rf7 17. Na5 Bh4 18. 0-0 Rf3 19. Qxc6 Qxc6 20. Nxc6 Raf8 21. Be3 Rxh3 22. Kg2 Rhf3 23. Ne5 1-0

[Event "IECG CP.2000.P.00074"]
[Site "IECG email"]
[Date "2000.10.01"]
[Round "?"]
[White "Weber, Carsten"]
[Black "Heide, Ken"]
[Result "1-0"]
[WhiteElo "1702"]
[BlackElo "800"]
[PlyCount "75"]
[EventDate "2000.10.01"]
[EventType "tourn (corr)"]
[EventRounds "6"]
[EventCountry "SRI"]
[SourceTitle "Corr 2008"]
[Source "ChessBase"]
[SourceDate "2008.06.24"]
[SourceVersion "1"]
[SourceVersionDate "2008.06.24"]
[SourceQuality "1"]

1. d4 d5 2. c4 e6 3. e3 Nf6 4. Nf3 Bb4+ 5. Nc3 Ne4 6. Qc2 c5 7. a3 Ba5 8. Bd3 Qf6 9. Bxe4 dxe4 10. Qxe4 0-0 11. 0-0 Nc6 12. Bd2 Bd7 13. dxc5 Rae8 14. b4 Bc7 15. Nb5 Be5 16. Nxe5 Nxe5 17. Bc3 Bc6 18. Qxe5 Qg6 19. f3 f6 20. Qc7 Rf7 21. Qg3 Rd8 22. Qxg6 hxg6 23. Rad1 Rfd7 24. Rxd7 Rxd7 25. Nxa7 Ba4 26. Nc8 Rd3 27. Rc1 Rxe3 28. Kf2 Rd3 29. Nd6 Bb3 30. Nxb7 Bxc4 31. c6 Bd5 32. b5 e5 33. a4 e4 34. fxe4 Bxe4 35. a5 Rd5 36. a6 Rg5 37. c7 Rxg2+ 38. Kf1 1-0